000 00666nam a2200229Ia 4500
003 OSt
005 20220925194551.0
006 a|||||r|||| 00| 0
007 ta
008 220923b |||||||| |||| 00| 0 eng d
020 _a0745617212
037 _cGeneral Book
040 _aRTL
_cRTL
_beng
041 _2eng
_aeng
082 _aY:4:62.5.N9, N6
100 _aCassese Antonio
_9251722
245 0 _aInhuman states
_b Imprisonment, detention and torture in Europe Today
260 _aCambridge
_bPolity Press
_c1996
300 _avii,141p
_ccm.
942 _hY:4:62.5.N9, N6
_cGB
_2CC
999 _c529988
_d529988